Catálogo
 En Linea

Papel de las minorias étnicas (africana y asiática) el desarrollo socio político / (Registro nro. 28480)

Detalles MARC
000 -CABECERA
campo de control de longitud fija 00769nam a2200193 a 4500
001 - NÚMERO DE CONTROL
campo de control 000028988
005 - FECHA Y HORA DE LA ÚLTIMA TRANSACCIÓN
campo de control 20210622122544.0
008 - DATOS DE LONGITUD FIJA--INFORMACIÓN GENERAL
campo de control de longitud fija 110413s1974 dr 000 | spa d
040 ## - FUENTE DE LA CATALOGACIÓN
Centro catalogador/agencia de origen DO-SdBNP
Lengua de catalogación spa
Centro/agencia transcriptor BNPHU
082 ## - NÚMERO DE LA CLASIFICACIÓN DECIMAL DEWEY
Número de clasificación xxx
Número de documento/Ítem D542p
049 ## - FONDOS LOCALES (OCLC)
Fondos de biblioteca BNPD
100 1# - ENTRADA PRINCIPAL--NOMBRE DE PERSONA
Nombre de persona Díaz Santana, Arismendi
9 (RLIN) 1343
245 10 - MENCIÓN DE TÍTULO
Título Papel de las minorias étnicas (africana y asiática) el desarrollo socio político /
Mención de responsabilidad, etc. Arismendi Díaz Santana.
260 ## - PUBLICACIÓN, DISTRIBUCIÓN, ETC.
Lugar de publicación, distribución, etc. Santo Domingo :
Nombre del editor, distribuidor, etc. Publicaciones de la UASD,
Fecha de publicación, distribución, etc. 1974.
300 ## - DESCRIPCIÓN FÍSICA
Extensión 32 p. ;
Dimensiones 20 cm.
490 1# - MENCIÓN DE SERIE
Mención de serie Conferencia
Designación de volumen o secuencia 24/177
500 ## - NOTA GENERAL
Nota general Ponencia del "Primer Seminario Latinoamericano: papel de las minorías étnicas (africana y asiática) en el desarrollo socio político de América Latina".
830 #0 - PUNTO DE ACCESO ADICIONAL DE SERIE-TÍTULO UNIFORME
Título uniforme Conferencia;
Designación de volumen o secuencia 24/177
9 (RLIN) 1181
Existencias
Estado de retiro Estado de pérdida Restricciones de uso No para préstamo Código de colección Localización permanente Ubicación/localización actual Ubicación en estantería Fecha de adquisición Número de inventario Total de préstamos Signatura topográfica completa Código de barras Fecha visto por última vez Número de copia Precio válido a partir de Tipo de ítem Koha
        Dominicana de Servicio General General En catalogación 14.04.2011 LF1   xxx D542p 28988-30 25.06.2020 e. 3 25.06.2020 Libro y Folleto Colección Dominicana de Servicio
  Extraviado     Dominicana de Servicio General General Extraviado 08.06.2011 LF1   xxx D542p 28988-40 25.06.2020 e. 4 25.06.2020 Libro y Folleto Colección Dominicana de Servicio
  Extraviado     Dominicana de Servicio General General Extraviado 08.06.2011 LF1   xxx D542p 28988-50 25.06.2020 e. 5 25.06.2020 Libro y Folleto Colección Dominicana de Servicio
      Excluido de préstamo Patrimonio Dominicano Patrimonio Dominicano Patrimonio Dominicano Depósito 13.04.2011 LF1   xxx D542p 28988-10 25.06.2020   25.06.2020 Libro y Folleto Colección Patrimonio Dominicano
      Excluido de préstamo Patrimonio Dominicano Patrimonio Dominicano Patrimonio Dominicano En catalogación 13.04.2011 LF1   xxx D542p 28988-20 25.06.2020 e. 2 25.06.2020 Libro y Folleto Colección Patrimonio Dominicano

Con tecnología Koha